Oracle database 10g insider solutions / (Record no. 5197)
[ view plain ]
| 000 -LEADER | |
|---|---|
| fixed length control field | 00824nac a22002411u 4500 |
| 010 ## - LIBRARY OF CONGRESS CONTROL NUMBER | |
| LC control number | 2005902434 |
| 020 ## - INTERNATIONAL STANDARD BOOK NUMBER | |
| International Standard Book Number | 0672327910 (pbk.) |
| 035 ## - SYSTEM CONTROL NUMBER | |
| System control number | (OCoLC)ocm60794307 |
| 082 00 - DEWEY DECIMAL CLASSIFICATION NUMBER | |
| Classification number | 005.7585 |
| Item number | KUM |
| 090 ## - LOCALLY ASSIGNED LC-TYPE CALL NUMBER (OCLC); LOCAL CALL NUMBER (OCLC) | |
| -- | 5197 |
| -- | 5197 |
| 100 ## - MAIN ENTRY--PERSONAL NAME | |
| Personal name | Kumar R., Arun. |
| 245 10 - TITLE STATEMENT | |
| Title | Oracle database 10g insider solutions / |
| Statement of responsibility, etc | Arun Kumar R., John Kanagaraj, Richard Stoupe. |
| 260 ## - PUBLICATION, DISTRIBUTION, ETC. (IMPRINT) | |
| Place of publication, distribution, etc | Indianapolis, Ind. : |
| Name of publisher, distributor, etc | Sams,2006 |
| Date of publication, distribution, etc | c2006. |
| 300 ## - PHYSICAL DESCRIPTION | |
| Extent | xv, 467 p. : |
| Other physical details | ill. ; |
| Dimensions | 24 cm. |
| 500 ## - GENERAL NOTE | |
| General note | Includes index. |
| 500 ## - GENERAL NOTE | |
| General note | distributer: Al-Ahram |
| 511 ## - PARTICIPANT OR PERFORMER NOTE | |
| Participant or performer note | catalogued by: wessam |
| 650 #0 - SUBJECT ADDED ENTRY--TOPICAL TERM | |
| Topical term or geographic name as entry element | Relational databases. |
| 700 1# - ADDED ENTRY--PERSONAL NAME | |
| Personal name | Kanagaraj, John. |
| 700 1# - ADDED ENTRY--PERSONAL NAME | |
| Personal name | Stroupe, Richard. |
| 856 41 - ELECTRONIC LOCATION AND ACCESS | |
| Materials specified | Table of contents |
| Uniform Resource Identifier | <a href="http://www.loc.gov/catdir/toc/fy0606/2005902434.html">http://www.loc.gov/catdir/toc/fy0606/2005902434.html</a> |
| 942 ## - ADDED ENTRY ELEMENTS (KOHA) | |
| Item type | Book - Borrowing |
| Call number prefix | 005.7585KUM |
| Withdrawn status | Item status | Damaged status | Not for loan | Home library | Current library | Shelving location | Date acquired | Source of acquisition | Total Checkouts | Full call number | Barcode | Date last seen | Koha item type |
|---|---|---|---|---|---|---|---|---|---|---|---|---|---|
| Central Library | Central Library | Lower Floor | 21/10/2007 | Purchase | 1 | 005.7585KUM | 000006354 | 15/07/2025 | Book - Borrowing |